LDR 00791naa#a2200193#i#450# 001 EN\RIOR\bibl\126517 005 20260629043508.1 011 ## _a2409-6024 100 ## _a20260530b2026####ek#y0engy0150####ca 102 ## _aRU 200 1# _aTHE PROCESS OF GOAL SETTING TO ENSURE FOOD SECURITY _eJournal article 210 1# _aMoscow _cPublishing Center RIOR _d2026 215 ## _a19 с. 608 ## _aJournal article _2local 675 ## _aПродовольственный комплекс (экономика питания, экономика продовольствия, продуктов питания). Продовольственный вопрос. 338.439 _z 700 #1 _aMakarova _gNadezhda Nikolaevna 700 #1 _aBestuzheva _gLarisa Irekovna 700 #1 _aSurkova _gVictoria Valeryevna 856 4# _arusjm.ru _u